| 000 | 00668cab a2200205 4500 | ||
|---|---|---|---|
| 001 | ABS41003 | ||
| 008 | 090401t1989 xxu||||| |||| 00| 0 eng d | ||
| 035 | _a(Sirsi) u27436 | ||
| 041 | _aeng | ||
| 100 | _aLee, A. | ||
| 245 | _aLong search for a perfect package | ||
| 260 | _c1989 | ||
| 350 | _a0 | ||
| 490 |
_aEstates Times _v(997) 2 June 1989, 18(1) |
||
| 520 | _aReviews Adminestate , the property management software package used by General Accident to manage its vast property portfolio. The system has been dveloped jointly by GA and Byline Software . | ||
| 650 | _aCOMPUTERS | ||
| 690 | _aPRACTICE AND TECHNIQUES | ||
| 942 | _n0 | ||
| 948 | _c04/03/1997 | ||
| 999 |
_c18464 _d18464 |
||